000
00281nam a2200109Ia 4500
008
190216s9999||||xx |||||||||||||| ||und||
100
_a
Raymond H Wilder
245
0
_a
Introduction To Foundations Of Mathematics
260
_b
John Wiley & Sons
650
_a
Mathematics
942
_c
BK
999
_c
30408
_d
30408